Edgar Allan Poe y el misterio de la bella cigarrera: la investigación de la atroz muerte de Mary Rogers

Guardado en:
Detalles Bibliográficos
Autor principal: Stashower, Daniel (Autor)
Formato: Libro
Lenguaje:español
Publicado: Barcelona Alba 2010
Edición:1a. ed
Materias:
Etiquetas: Agregar Etiqueta
Sin Etiquetas, Sea el primero en etiquetar este registro!

MARC

LEADER 00000cam a2200000 a 4500
001 UCF1732
003 CL-VaPUC
008 120723e20101100SP |||||||||||||||||spa|d
020 |a 9788484285915 
082 0 4 |a 820  |b STA  |2 21 
100 0 |a Stashower, Daniel  |e author  |9 563222 
245 1 0 |a Edgar Allan Poe y el misterio de la bella cigarrera: la investigación de la atroz muerte de Mary Rogers 
250 |a 1a. ed 
300 |a 407 p 
942 |c BK 
945 |d 20120723 00:00:00  |a dcastane 
260 |a Barcelona  |b Alba  |c 2010 
650 0 |a Literatura inglesa  |9 312907 
650 0 |a Novelas inglesas  |9 265220 
650 7 |a NOVELAS POLICIALES INGLESAS  |2 CL-VaPUC  |9 563223 
583 |a last modification  |c 20140123 04:01:43  |k Rodrigo Vera 
999 |c 348420  |d 348418 
952 |0 0  |1 0  |4 0  |6 820_000000000000000_STA_2010  |7 0  |8 A  |9 450418  |a BIBING  |b BIBING  |d 2019-11-22  |i 4883977  |o 820 STA 2010  |p 4883977  |r 2023-03-02  |w 2019-11-22  |y BK  |k CUI